000 01467naa a22003617u 4500
001 04132
003 HDC
007 cr bn ---aaaaa
008 210115t2003 flu 000 0 eng
010 _a2002069361
020 _a1566705940 (alk. paper)
040 _aHDC
100 _aRandall, Alan
_eauthor
_94222
245 0 _aFood security and environmental quality in the developing world : Chapter 30:
_bSustainable Development: Some Economic Considerations /
_cby Alan Randall ; Rattan Lal David Hansen Norman Uphoff Steven Slack ; foreword by Lester R. Brown.
260 _aBoca Raton, Fla. :
_bLewis Publishers/CRC Press,
_c2003
300 _a9 pages :
_billustrations, maps
336 _atext
_2rdacontent
337 _acomputer
_2rdamedia
338 _aonline resource
_2rdacarrier
500 _aOriginal from book
504 _aIncludes bibliographical references and index.
650 _aAgriculture
_xEnvironmental aspects
_zDeveloping countries.
_94157
650 _aFood security
_94086
650 _aFood supply
_zDeveloping countries.
_94156
700 _aHansen, David
_eauthor
_94181
700 _aLal, R.
_93407
_eauthor
700 _aSlack,Steven
_eauthor
_94182
700 _aUphoff,Norman
_eauthor
_93487
856 _zRequest full-text at [email protected]
942 _2lcc
942 _cCHAP
942 _kEBCH 003381
999 _c1457
_d1457